000 00911nam a2200217Ia 4500
999 _c41936
_d41936
001 8620
003 GE_BSU
005 20240527111953.0
008 181216s1952||||ge |||||||||||||| ||geo||
040 _cGE_BSU
041 _ageo
080 _a81'1ჩ-60
100 _aჩიქობავა, არნ.
_97708
245 _aენათმეცნიერების შესავალი=Введение в языкознание /
_cარნოლდ ჩიქობავა.
264 _aთბილისი :
_bსტალინის სახ. თბილისის სახელმწ. უნ-ტის გამ-ბა,
_c1952.
300 _a402 გვ. ;
_c23 სმ.
504 _aბიბლიოგრაფია შენიშვნებში
541 _h8 ლ.
653 _aენათმეცნიერების შესავალი
942 _cBK
_2udc